Understanding significance testing
Αποθηκεύτηκε σε:
| Κύριος συγγραφέας: | |
|---|---|
| Μορφή: | Βιβλίο |
| Γλώσσα: | English |
| Δημοσίευση: |
USA :
Sage Publications, Inc.,
1990
|
| Σειρά: | Sage university papers series. Quantitative applications in the social sciences ;
; 73 |
| Θέματα: | |
| Ετικέτες: |
Προσθήκη ετικέτας
Δεν υπάρχουν, Καταχωρήστε ετικέτα πρώτοι!
|
MARC
| LEADER | 00000nam a2200000 i 4500 | ||
|---|---|---|---|
| 001 | 1/18387 | ||
| 008 | 980729s1990 eng d | ||
| 020 | |a 0-8039-3568-4 | ||
| 035 | |l 10020896 | ||
| 040 | |a GR-MY-UA |b gre |e aacr | ||
| 041 | 0 | |a eng | |
| 082 | 0 | |a 300.15195 | |
| 100 | 1 | |a Mohr, Lawrence B. | |
| 245 | 1 | 0 | |a Understanding significance testing / |c Lawrence B. Mohr |
| 260 | |a USA : |b Sage Publications, Inc., |c 1990 | ||
| 300 | |a 76 p. | ||
| 490 | 1 | |a Sage university papers series. Quantitative applications in the social sciences |v ; 73 | |
| 650 | 0 | 0 | |a Social sciences |x Statistical methods. |
| 830 | 0 | |a Sage university papers series. Quantitative applications in the social sciences ; |v ; 73 | |
| 852 | |a INST |b CHIOS |e 19980729 |h 300.15195 MOH |p 005200016045 |q 005200016045 |t BK |y 0 | ||
| 852 | |a INST |b LESVOS |e 19981015 |h 300.15195 MOH |p 005100018420 |q 005100018420 |t BK |y 0 | ||
| 901 | |a BIBL-1998-2 | ||
| 909 | |a Χ |b 054707 | ||
| 909 | |a Λ |b 059655 | ||
| 922 | |a 2ΔΩΡ |b 199807 | ||
| 922 | |a 1ΕΛΗ |b 199809 |c ΚΠΣ/ΤΓ |d ΠΑΠΑΣΩΤΗΡΙΟΥ | ||
| 950 | |a 118-1998-07-23 | ||